000 00763nam a22002894a 4500
001 UByD003064
003 AR-LpoUNG
005 20240816134108.0
008 240809s2007||||sp a b 000|1 spa d
020 _a9788493533151
040 _aAR-LpoUNG
_bspa
_cAR-LpoUNG
_eaacr
041 0 _aspa
044 _asp
082 0 _a808.068 3 343poe
100 1 _aGonzález Ovies, Aurelio
245 1 3 _aEl poema que cayó a la mar
250 _a1ra. ed.
260 _aOviedo (España) :
_bPintar,
_c2007.
300 _a[21] p. :
_bil.
505 0 _aSugerido a partir de 6 años (etiqueta AMARILLA)
650 4 _aCUENTOS
650 4 _aLITERATURA
653 0 _aLITERATURA INFANTIL
700 1 _aSánchez, Esther
_eil.
905 _a50234
942 _cLIB
_2ddc
999 _c65655
_d65655